Online
Catalog

Historia de Merlín / (Record no. 11748)

MARC details
000 -CABECERA
campo de control de longitud fija 01012cam a2200313 a 4500
001 - NÚMERO DE CONTROL
campo de control 000012082
005 - FECHA Y HORA DE LA ÚLTIMA TRANSACCIÓN
campo de control 20200929162704.0
008 - DATOS DE LONGITUD FIJA--INFORMACIÓN GENERAL
campo de control de longitud fija 500101s1988 sp 000 0 spa d
020 ## - NÚMERO INTERNACIONAL ESTÁNDAR DEL LIBRO
Número Internacional Estándar del Libro 8485876911 (v.2)
020 ## - NÚMERO INTERNACIONAL ESTÁNDAR DEL LIBRO
Número Internacional Estándar del Libro 8485876989 (v.1)
020 ## - NÚMERO INTERNACIONAL ESTÁNDAR DEL LIBRO
Número Internacional Estándar del Libro 8485876997 (obra completa)
035 ## - NÚMERO DE CONTROL DEL SISTEMA
Número de control de sistema oxf990022420
040 ## - FUENTE DE LA CATALOGACIÓN
Centro catalogador/agencia de origen DO-SdBNP
Centro/agencia transcriptor DZM
Centro/agencia modificador BNPHU
041 17 - CÓDIGO DE LENGUA
Código de lengua del texto/banda sonora o título independiente spa
Código de lengua original ita
Fuente del código Código de idioma MARC
082 ## - NÚMERO DE LA CLASIFICACIÓN DECIMAL DEWEY
Número de clasificación 291.61
Número de documento/Ítem H673m
049 ## - FONDOS LOCALES (OCLC)
Fondos de biblioteca BNGR
240 00 - TÍTULO UNIFORME
Título uniforme Histoire de Merlin
Lenguaje de la obra Español
245 00 - MENCIÓN DE TÍTULO
Título Historia de Merlín /
Mención de responsabilidad, etc. edición, traducción Carlos Alvar.
260 ## - PUBLICACIÓN, DISTRIBUCIÓN, ETC.
Lugar de publicación, distribución, etc. Madrid :
Nombre del editor, distribuidor, etc. Siruela,
Fecha de publicación, distribución, etc. 1988.
300 ## - DESCRIPCIÓN FÍSICA
Extensión 2 v. ;
Dimensiones 24 cm.
490 1# - MENCIÓN DE SERIE
Mención de serie Selección de lecturas medievales
Designación de volumen o secuencia 29/30
500 ## - NOTA GENERAL
Nota general La biblioteca posee el vol. 1.
534 ## - NOTA SOBRE LA VERSIÓN ORIGINAL
Encabezamiento principal del original Título original:
Mención de título del original Historia de Merlín.
650 #4 - PUNTO DE ACCESO ADICIONAL DE MATERIA--TÉRMINO DE MATERIA
Término de materia o nombre geográfico como elemento de entrada Magos
9 (RLIN) 28529
650 #4 - PUNTO DE ACCESO ADICIONAL DE MATERIA--TÉRMINO DE MATERIA
Término de materia o nombre geográfico como elemento de entrada Leyendas
9 (RLIN) 19936
700 1# - PUNTO DE ACCESO ADICIONAL--NOMBRE DE PERSONA
Nombre de persona Alvar, Carlos,
Término indicativo de función/relación ed., tr.
9 (RLIN) 14659
830 #0 - PUNTO DE ACCESO ADICIONAL DE SERIE-TÍTULO UNIFORME
Título uniforme Selección de lecturas medievales ;
Designación de volumen o secuencia 29/30.
9 (RLIN) 28530
910 ## - DATOS DE OPCIÓN DEL USUARIO (OCLC)
Datos de opción del usuario Catalogación por copia / Oxford
Holdings
Estado de retiro Estado de pérdida Restricciones de uso No para préstamo Código de colección Localización permanente Ubicación/localización actual Ubicación en estantería Fecha de adquisición Número de inventario Total de préstamos Signatura topográfica completa Código de barras Fecha visto por última vez Precio válido a partir de Tipo de ítem Koha
    Préstamo interno   Monografías: Libros y Folletos General General En catalogación 04.11.2009 LF1   v.2 12082-10 25.06.2020 25.06.2020 Préstamo interno
    Préstamo interno   Monografías: Libros y Folletos General General En catalogación 29.01.2010 LF1   v.2,e.2 12082-20 25.06.2020 25.06.2020 Préstamo interno

Powered by Koha